| 000 | 00659nam a2200241 a 4500 | ||
|---|---|---|---|
| 001 | nice12345678 | ||
| 003 | IN_TiNIC | ||
| 005 | 20260116012835.0 | ||
| 008 | 050524s1986 gena grp 000 0 eng | ||
| 020 |
_a _c100 |
||
| 082 | 0 | 0 |
_a291.172 _bWCC |
| 100 | _aWorld Council Of, Churches | ||
| 245 |
_aMy Neighbour`s Faith and Mine _b Theological Discoveries Through Interfaith D |
||
| 260 |
_aGeneva _bWCC _c1986 |
||
| 300 | _a52p. | ||
| 500 | _aincludes index and biblioraphy | ||
| 505 | 2 | _abibliography | |
| 650 | _aReconciliation-Interfaith Dialogue | ||
| 700 | 1 | _aWorld Council Of, Churches | |
| 902 | _bSRS | ||
| 942 | _cBK | ||
| 999 |
_c8595 _d8595 |
||